El TLC en discusión: análisis de los temas del TLC C.A.-EE.UU. Considerados de caracter crítico por las organizaciones sectoriales de Costa Rica /
Los trabajos que se presentan en este documento adquieren su correcta y más amplia perspectiva como parte de un proceso más largo, iniciado a finales del 2002 y que se prolongó hasta finales del 2004. Dicho proceso conoció dos etapas iniciales de diálogo Ciudadano sobre el TLC entre Centroamérica y...
שמור ב:
| מחבר ראשי: | |
|---|---|
| מחבר תאגידי: | |
| מחברים אחרים: | |
| פורמט: | Texto |
| יצא לאור: |
Heredia:
UNA. CEDI
|
| נושאים: | |
| תגים: |
הוספת תג
אין תגיות, היה/י הראשונ/ה לתייג את הרשומה!
|
MARC
| LEADER | 00000 a a2200000 04500 | ||
|---|---|---|---|
| 001 | 32242 | ||
| 003 | |||
| 040 | |||
| 020 | |a 9968-811-06-8 | ||
| 090 | |a 201600 | ||
| 100 | |a Chaves, Jorge Arturo | ||
| 110 | |a Universidad Nacional (Costa Rica). Cátedra Víctor Sanabria | ||
| 245 | |a El TLC en discusión: análisis de los temas del TLC C.A.-EE.UU. Considerados de caracter crítico por las organizaciones sectoriales de Costa Rica / |c Jorge Arturo Chaves | ||
| 260 | |a Heredia: |b UNA. CEDI | ||
| 300 | |a 156 p. | ||
| 520 | |a Los trabajos que se presentan en este documento adquieren su correcta y más amplia perspectiva como parte de un proceso más largo, iniciado a finales del 2002 y que se prolongó hasta finales del 2004. Dicho proceso conoció dos etapas iniciales de diálogo Ciudadano sobre el TLC entre Centroamérica y EE.UU., realizado entre la casi totalidad de las diecisiete organizaciones nacionales representatvas de sectores productivos, de comercio, ambiente y consumidores. Aquí se presntan los temas más importantes de discusión y diálogo, así como los puntos que quedan pendientes en la misma | ||
| 650 | |a TLC | ||
| 650 | |a GRUPOS SOCIALES | ||
| 650 | |a PROPIEDAD INTELECTUAL | ||
| 650 | |a MEDIO AMBIENTE | ||
| 650 | |a TELECOMUNICACIONES | ||
| 650 | |a SEGUROS | ||
| 650 | |a POLITICA LABORAL | ||
| 650 | |a ACCESO A LOS MERCADOS | ||
| 650 | |a PARTICIPACION SOCIAL | ||
| 650 | |a TELECOMUNICACIONES | ||
| 700 | |a ed. | ||
| 999 | |c 1457 |d 1457 | ||



